|
|
|
|
| LEADER |
00000nam0a2200000 4500 |
| 001 |
88246 |
| 005 |
20231031102545.0 |
| 010 |
|
|
|a 5769207256
|
| 035 |
|
|
|a (RuTPU)RU\TPU\book\94726
|
| 090 |
|
|
|a 88246
|
| 100 |
|
|
|a 20051222d2005 k y0rusy50 ca
|
| 101 |
0 |
|
|a rus
|
| 102 |
|
|
|a RU
|
| 105 |
|
|
|a a z 001zy
|
| 200 |
1 |
|
|a Атлас структур ультраосновных пород Урала
|f Б. Н. Лапин
|g Сибирское отделение РАН; Объединенный институт геологии, геофизики и минералогии
|
| 210 |
|
|
|a Новосибирск
|c Гео
|d 2005
|
| 215 |
|
|
|a 184 с.
|c ил.
|
| 225 |
1 |
|
|a Труды
|h Вып. 853
|
| 320 |
|
|
|a Библиогр.: с. 176-185.
|
| 330 |
|
|
|a Настоящий Атлас седьмой в серии аналогичных работ, изданных ранее автором, посвященных структурам вулканогенных пород Сибири, Дальнего Востока и Мирового океана. Автор, петролог по специальности, очень удачно подчеркивает в своих рисунках все особенности микроструктур горных пород, что дает возможность сопоставлять и сравнивать их в различных массивах и структурных зонах. Высокое качество зарисовок делает их более информативными по сравнению с фотографиями. Ценно, что все рисунки снабжены краткими геолого-петрографическими характеристиками, а большая часть из них - также и химическими анализами. Атлас полезен для петрологов, изучающих ультрабазиты, а также для студентов и преподавателей вузов.
|
| 610 |
1 |
|
|a ультраосновные породы
|
| 610 |
1 |
|
|a Урал
|
| 610 |
1 |
|
|a атласы
|
| 610 |
1 |
|
|a гипербазитовые массивы
|
| 610 |
1 |
|
|a структуры
|
| 610 |
1 |
|
|a сравнительная характеристика
|
| 610 |
1 |
|
|a иллюстрации
|
| 610 |
1 |
|
|a химический состав
|
| 610 |
1 |
|
|a атласы
|
| 610 |
1 |
|
|a горные породы
|
| 675 |
|
|
|a 552.321.5/.6
|v 3
|
| 700 |
|
1 |
|a Лапин
|b Б. Н.
|g Борис Николаевич
|
| 712 |
0 |
2 |
|a Российская академия наук (РАН)
|b Сибирское отделение (СО)
|b Объединенный институт геологии, геофизики и минералогии им. А. А. Трофимука (ОИГГМ)
|c (Новосибирск)
|2 stltpush
|3 (RuTPU)RU\TPU\col\217
|
| 801 |
|
1 |
|a RU
|b 63413507
|c 20051222
|g PSBO
|
| 801 |
|
2 |
|a RU
|b 63413507
|c 20210226
|g PSBO
|
| 942 |
|
|
|c BK
|
| 959 |
|
|
|a 116/20051222
|d 1
|e 243
|f НФ:1
|